000 00542nam a2200169 a 4500
005 20140412111355.0
008 051104s19uu xx 00 eng d
020 _a0-02-683934-2
050 _aTR(GS 372.4
_bB35 L.C Set 2
245 _aDecodable takehome books :
_bLevel C Set 2 full color version.
260 _aColumbus, Ohio :
_bSRA/McGraw-Hill Comp,
_c2000.
300 _a208 p.
440 _aSRA open court reading, Green
650 _aReading
_xStudy and teaching
650 _aEnglish language
_xStudy and teaching
999 _c105398
_d105398